000 00786nam a22001817a 4500
003 UA-OsUOA
001 17635
007 ta
008 20040319b un ||||| |||| 00| 0 ukr d
100 _aАлексіюк Т.
942 _cSA
040 _aUA-OsUOA
_cUA-OsUOA
_dUA-OsUOA
245 _aЯка вона, медицина, у нашому [Зарічнен.] районі: [Ключ. питанням на п'ятнадцятій сесії район. ради четвертого скликання було обговорення стану мед. обслуг. населення Зарічнен. р-ну]
300 _aС.3
955 _a0
773 0 _w0
_tПолісся
_dсмт. Зарічне
_d2004
_g№9/5 берез./
650 7 _aКраєзнавча робота
_2UDC
999 _c303803
_d303803